| 000 | 00769nam a2200229 i 4500 | ||
|---|---|---|---|
| 001 | bg | ||
| 100 | 1 | _aPAGACZEWSKI, Stanisław | |
| 245 | 1 | 0 |
_aW krainie skał i zamków / _ctekst Stanisław Pagaczewski, zdjęcia Henryk Hermanowicz ; grafika Zofia Rutkowska. |
| 260 |
_aWarszawa : _bWydaw. "Sport i Turystyka", _c1963. |
||
| 300 |
_a125, [2] s. : _bil. ; _c28 cm + _e[Streszcz.] : 10 s. |
||
| 500 | _aStreszcz. ang., franc., niem., ros. w dod. | ||
| 650 | 9 |
_aFotografia polska _yod 1944 r. |
|
| 651 | 9 |
_aPolska _xikonografia |
|
| 655 | _aAlbumy | ||
| 700 | 1 | _aHERMANOWICZ, Henryk | |
| 700 | 1 |
_aRUTKOWSKA, Zofia. _eIl. |
|
| 040 | _cBPK | ||
| 041 | 0 |
_apol _bengfragerrus |
|
| 080 | _a913(438)(084.121) | ||
| 942 | _cKS | ||
| 008 | s pl f |000 0 pol | ||
| 999 |
_c45017 _d45017 |
||
| 856 |
_uhttp://koha.tu.koszalin.pl/cgi-bin/koha/opac-detail.pl?biblionumber=45017 _yKatalog online BPK |
||